000 00411nam a22001697a 4500
005 20250828133512.0
008 250822b |||||||| |||| 00| 0 eng d
020 _a978-93-92242-15-1
041 _aEng
082 _aF 610.7304 SHA DB1389
100 _aSharma Shaveta
245 _aHandbook of First Aid
260 _bVHS Publishers
_c2022
_aPunjab
300 _a182p
365 _bRs.325.00
942 _cDB
999 _c367390
_d367390